| 000 | 00588 am a2200205 a 4500 | ||
|---|---|---|---|
| 001 | 152077 | ||
| 003 | OSt | ||
| 005 | 20211224145747.0 | ||
| 008 | 51211 ### | ||
| 020 | _a9788132117407 | ||
| 082 |
_a362.20425 _bS13S |
||
| 245 | 1 |
_aSocial work in mental health : areas of practice, challenges and way forward _cedited by Abraham P. Francis |
|
| 260 |
_aNew Delhi _bSage Publications _c2014 |
||
| 300 | _a358p. | ||
| 653 | _aEconomics | ||
| 653 | _aMental health | ||
| 653 | _aSocial challenges | ||
| 700 |
_aFrancis, Abraham P. _eEditor |
||
| 942 |
_2ddc _cBK |
||
| 999 |
_c14916 _d14916 |
||